000 01341nam a22003370a 4500
001 PT21224
003 AR-LpoUNG
005 20210131232954.0
008 191001s2004||||ag |||||||||||||||||spa d
020 _a950808402
_c$8,33
040 _aAR-LpoUNG
_bspa
_cAR-LpoUNG
_eaacr
044 _aag
082 0 _a982.063 8tie
100 1 _aQuiroga, Hugo
245 1 3 _aEl tiempo del "proceso" :
_bconflictos y coincidencias entre políticos y militares : 1976 - 1983
250 _a1ra ed.
260 _aRosario :
_bFundación Ross - Homo Sapiens,
_c2004.
300 _a365 p. :
_bil.
520 _a<p>En su hipótesis principal plantea que la discontinuidad institucional iniciada en 1930 no puede ser tomada como una clásica ruptura del sistema político. El sistema político argentino funcionó entre 1930 y 1983 a través de una viva articulación de gobiernos civiles con gobiernos militares. El sistema sobrevivió a los golpes de Estado porque integraba en su interior a las intervenciones castrenses.</p>
650 4 _aANALISIS HISTORICO
650 4 _aARGENTINA
650 4 _aDICTADURA
650 4 _aGOBIERNO MILITAR
650 4 _aGOLPES DE ESTADO
650 4 _aHISTORIA
650 4 _aRELACIONES GOBIERNO FUERZAS ARMADAS
650 4 _aSISTEMAS POLITICOS
651 4 _aArgentina
905 _a21224
942 _cLSALA
999 _c18489
_d18489